000 00576nam a2200193Ia 4500
005 20250508152316.0
008 008 250505s9999 xx 000 0 eng d
037 _aBooks to be hide in OPAC
040 _aFEDL
_beng
_cFEDL
041 _aeng
_2eng
084 _a153, UTT/O
_qFEDL
245 0 _aProcedure for vocational guidance
245 0 _cbureau of Psychology, U. P. Allahabad
260 _aAllahabad, India
_bThe Bureau of Psychology
_c1955
300 _aii,56p.
546 _aPublication No. 4
942 _cHB
_h153, UTT/O
999 _c1335645
_d1335645